Japanese Prefectures Kanji Names - Statistics

General Stats
  • This quiz has been taken 743 times
  • The average score is 32 of 47
Answer Stats
Picture Answer % Correct
Hokkaido
90%
Osaka
87%
Yamaguchi
87%
Kyoto
85%
Tokyo
85%
Hiroshima
84%
Ishikawa
81%
Okayama
81%
Nagasaki
80%
Akita
78%
Nagano
77%
Aichi
74%
Fukuoka
74%
Wakayama
73%
Chiba
72%
Aomori
70%
Kanagawa
70%
Yamagata
70%
Oita
69%
Shizuoka
69%
Yamanashi
69%
Kumamoto
68%
Okinawa
68%
Fukui
67%
Fukushima
67%
Kagoshima
66%
Mie
66%
Toyama
66%
Miyazaki
65%
Kagawa
63%
Nara
63%
Iwate
62%
Gunma
61%
Shimane
61%
Miyagi
60%
Saitama
58%
Tottori
58%
Ehime
57%
Tokushima
56%
Hyogo
54%
Saga
53%
Kochi
52%
Ibaraki
50%
Niigata
50%
Shiga
48%
Tochigi
47%
Gifu
46%
No matching quizzes found
Score Distribution
Percent of People with Each Score
Percentile by Number Answered
Your Score History
You have not taken this quiz